Brücken von Zürich - Statistiken

Allgemein
  • Dieses Quiz wurde 18 mal gespielt
  • Das Durchschnittsergebnis liegt bei 16 aus 49
Antwortstatistiken
Funktion Antwort % Korrekt
Strasse Europabrücke
80%
Fussgänger Rathausbrücke
80%
Strasse Bahnhofbrücke
73%
Strasse Hardbrücke
73%
Strasse Rudolf-Brun-Brücke
73%
Eisenbahn SBB-Geleisebrücke
73%
Strasse Sihlbrücke
73%
Strasse Wipkingerbrücke
60%
Eisenbahn Wipkinger Viadukt
60%
Strasse Brunaubrücke
53%
Fussgänger Lettensteg
53%
Fussgänger Lettenviadukt
53%
Strasse Quaibrücke
53%
Eisenbahn Sihltalbahn-Brücke Brunau
53%
Strasse Kornhausbrücke
47%
Fussgänger Leimbach-Steg
40%
Strasse Maneggbrücke
40%
Strasse Münsterbrücke
40%
Eisenbahn Sihltalbahn-Brücke Leimbach
40%
Autobahn Limmatbrücke Oberengstringen
33%
Eisenbahn Giesshübelbrücke
27%
Fussgänger Mühlesteg
27%
Strasse Stauffacherbrücke
27%
Fussgänger Werdinsel-Brücke
27%
Fussgänger Ampèresteg
20%
Fussgänger Dammsteg
20%
Fussgänger Hardeggsteg
20%
Fussgänger Hardturmsteg
20%
Eisenbahn Hardturmviadukt
20%
Fussgänger Kraftwerk Höngg-Steg
20%
Fussgänger Militärbrücke
20%
Strasse Postbrücke
20%
Strasse Utobrücke
20%
Strasse Walchebrücke
20%
Fussgänger Allmendbrücke
13%
Fussgänger Drahtschmidlisteg
13%
Strasse Entlisbergbrücke
13%
Fussgänger Gänziloobrücke
13%
Strasse Gessnerbrücke
13%
Fussgänger Hertersteg
13%
Fussgänger Höcklerbrücke
13%
Strasse Sihlhölzlibrücke
13%
Fussgänger Werdhölzlibrücke
13%
Fussgänger Winzerhaldebrücke
13%
Strasse Zollbrücke
13%
Autobahn Autobahndreieck Zürich-Süd-Brücken
7%
Fussgänger Hönggerwehr-Brücke
7%
Fussgänger Mattensteg
7%
Autobahn Sihlhochstrasse
0%
Keine übereinstimmenden Quizze gefunden
Verteilung der Resultate
Anzahl Personen mit jedem Resultat
Perzentil nach korrekt beantworteten Fragen
Ihre Resultats-Entwicklung
Sie haben dieses Quiz noch nicht gespielt